Researching organisations : (Record no. 275913)
[ view plain ]
| 000 -LEADER | |
|---|---|
| fixed length control field | 00803nam a22002655i 4500 |
| 001 - CONTROL NUMBER | |
| control field | SSB064126 |
| 003 - CONTROL NUMBER IDENTIFIER | |
| control field | SISC |
| 005 - DATE AND TIME OF LATEST TRANSACTION | |
| control field | 20170118152307.0 |
| 008 - FIXED-LENGTH DATA ELEMENTS--GENERAL INFORMATION | |
| fixed length control field | 130605s2014 cau 000 0 eng |
| 010 ## - LIBRARY OF CONGRESS CONTROL NUMBER | |
| LC control number | 2013942196 |
| 020 ## - INTERNATIONAL STANDARD BOOK NUMBER | |
| International Standard Book Number | 9781446257227 (pbk.) |
| 040 ## - CATALOGING SOURCE | |
| Original cataloging agency | DLC |
| Language of cataloging | eng |
| Description conventions | rda |
| Transcribing agency | DLC |
| 042 ## - AUTHENTICATION CODE | |
| Authentication code | pcc |
| 050 00 - LIBRARY OF CONGRESS CALL NUMBER | |
| Classification number | HD 30.4 |
| Item number | .J721 2014 |
| 100 1# - MAIN ENTRY--PERSONAL NAME | |
| Personal name | Jones, Matthew. |
| 245 10 - TITLE STATEMENT | |
| Title | Researching organisations : |
| Remainder of title | the practice of organisational fieldwork / |
| Statement of responsibility, etc | Matthew Jones. |
| 250 ## - EDITION STATEMENT | |
| Edition statement | 1st edition. |
| 260 ## - PUBLICATION, DISTRIBUTION, ETC. (IMPRINT) | |
| Place of publication, distribution, etc | London : |
| Name of publisher, distributor, etc | SAGE Publication Ltd., |
| Date of publication, distribution, etc | 2014. |
| 263 ## - PROJECTED PUBLICATION DATE | |
| Projected publication date | 1401. |
| 300 ## - PHYSICAL DESCRIPTION | |
| Extent | xiii, 221 pages ; |
| Dimensions | 24 cm. |
| 504 ## - BIBLIOGRAPHY, ETC. NOTE | |
| Bibliography, etc | Includes bibliographical references and index. |
| 521 ## - TARGET AUDIENCE NOTE | |
| Target audience note | Business Administration |
| 650 ## - SUBJECT ADDED ENTRY--TOPICAL TERM | |
| Topical term or geographic name as entry element | Organization |
| General subdivision | Research |
| -- | Methodology. |
| 942 ## - ADDED ENTRY ELEMENTS (KOHA) | |
| Source of classification or shelving scheme | Library of Congress Classification |
| Koha item type | Books |
| Call number prefix | Foreign |
| Withdrawn status | Lost status | Source of classification or shelving scheme | Damaged status | Home library | Current library | Shelving location | Date acquired | Source of acquisition | Cost, normal purchase price | Total Checkouts | Total Renewals | Full call number | Barcode | Date last seen | Date checked out | Price effective from | Koha item type |
|---|---|---|---|---|---|---|---|---|---|---|---|---|---|---|---|---|---|
| Library of Congress Classification | College Library | College Library | Reserve Section | 09/29/2014 | Library Fund | 3943.00 | 2 | 4 | HD 30.4 .J721 2014 | C18701 | 05/15/2018 | 11/09/2015 | 09/29/2014 | Books |